Samajik prashasan: Kalyan prashasan (Record no. 5421)

MARC details
000 -LEADER
fixed length control field 00488nam a2200181Ia 4500
008 - FIXED-LENGTH DATA ELEMENTS--GENERAL INFORMATION
fixed length control field 230917s9999||||xx |||||||||||||| ||und||
020 ## - ISBN
Price RS 1200.00
040 ## - CATALOGING SOURCE
-- 5013129
Original cataloging agency VIVEKANANDA LIBRARY
041 ## - Language
-- English
082 ## - DDC NUMBER
Classification number 361.6 K156S(9)
100 ## - MAIN ENTRY--PERSONAL NAME
Personal name Kataria, Surendra
245 #0 - TITLE STATEMENT
Title Samajik prashasan: Kalyan prashasan
250 ## - EDITION STATEMENT
Edition statement 9th ed.
260 ## - PUBLICATION, DISTRIBUTION, ETC. (IMPRINT)
Place of publication, distribution, etc Jaipur
Name of publisher, distributor, etc RBSA Publishers
Date of publication, distribution, etc 2021
300 ## - PHYSICAL DESCRIPTION
Pages xviii, 404 p.
500 ## - GENERAL NOTE
General note 4520 02/02/2022 IF22/1077 03/02/2022 Main Budget
942 ## - ADDED ENTRY ELEMENTS (KOHA)
Koha item type Books
Holdings
Withdrawn status Lost status Damaged status Not for loan Location (home branch) Sublocation or collection (holding branch) Date acquired Koha issues (times borrowed) Koha full call number Accession No. Koha date last seen Koha item type
        VIVEKANANDA LIBRARY VIVEKANANDA LIBRARY 10/03/2022 4 361.6 K156S(9) 399788 09/01/2025 Books
        VIVEKANANDA LIBRARY VIVEKANANDA LIBRARY 10/03/2022   361.6 K156S(9) 399789 17/09/2023 Books
        VIVEKANANDA LIBRARY VIVEKANANDA LIBRARY 10/03/2022 2 361.6 K156S(9) 399790 30/05/2025 Books
        VIVEKANANDA LIBRARY VIVEKANANDA LIBRARY 10/03/2022 5 361.6 K156S(9) 399791 07/05/2025 Books
        VIVEKANANDA LIBRARY VIVEKANANDA LIBRARY 10/03/2022 4 361.6 K156S(9) 399792 13/06/2025 Books
© Designed and Maintained by Vivekananda Library, MDU Rohtak